The sociology of social change
Saved in:
| Main Author: | |
|---|---|
| Format: | Book |
| Language: | English |
| Published: |
Oxford :
Blackwell,
1994
|
| Subjects: | |
| Tags: |
Add Tag
No Tags, Be the first to tag this record!
|
MARC
| LEADER | 00000nam a2200000 i 4500 | ||
|---|---|---|---|
| 001 | 1/79397 | ||
| 008 | 980210s1994 eng d | ||
| 020 | |a 0-631-18206-3 | ||
| 035 | |a 1997 |b 3 |c Αγορά/Βιτσιλάκη |l 10033168 | ||
| 040 | |a GR-MY-UA |b gre |e aacr | ||
| 041 | 0 | |a eng | |
| 082 | 0 | |a 303.4 | |
| 100 | 1 | |a Sztompka, Piotr. | |
| 245 | 1 | 4 | |a The sociology of social change / |c Piotr Sztompka |
| 260 | |a Oxford : |b Blackwell, |c 1994 | ||
| 300 | |a 348 p. | ||
| 650 | 0 | 0 | |a Social change. |
| 650 | 0 | 0 | |a Social movements. |
| 650 | 0 | 0 | |a Sociology |x Philosophy. |
| 852 | |a INST |b RHODES |e 19980210 |h 303.4 SZT |p 005400011303 |q 005400011303 |t BK |y 0 | ||
| 901 | |a BIBL-1998-1 | ||
| 909 | |a Ρ |b 052729 |c 1997 | ||